К вопросу об ортоклазо-плагиоклазовых горных породах: отдельный оттиск

Λεπτομέρειες βιβλιογραφικής εγγραφής
Κύριος συγγραφέας: Поленов Б. К.
Συγγραφή απο Οργανισμό/Αρχή: Императорское Санкт-Петербургское общество естествоиспытателей (1868-)
Περίληψη:Текст в русской дореформенной орфографии
Печатано по распоряжению Имп. Спб. Общ. Естествоиспытателей
Γλώσσα:Ρωσικά
Έκδοση: Санкт-Петербург, Типография М. Меркушева, [1900]
Σειρά:Труды Императорского С.-Петербургского Общества Естествоиспытателей Т. 31, вып. 1
Θέματα:
Μορφή: Βιβλίο
KOHA link:https://koha.lib.tpu.ru/cgi-bin/koha/opac-detail.pl?biblionumber=357910

MARC

LEADER 00000nam0a2200000 4500
001 357910
005 20231102011035.0
035 |a (RuTPU)RU\TPU\retro\15178 
090 |a 357910 
100 |a 20200811d1900 km y0rusy50 ca 
101 0 |a rus 
102 |a RU 
105 |a y z 001zy 
200 1 |a К вопросу об ортоклазо-плагиоклазовых горных породах  |e отдельный оттиск   |f Б. К. Поленов  |g Императорское Санкт-Петербургское общество естествоиспытателей (1868-) 
210 |a Санкт-Петербург  |c Типография М. Меркушева  |d [1900] 
215 |a 7 с.  |c ил. 
225 1 |a Труды Императорского С.-Петербургского Общества Естествоиспытателей  |v Т. 31, вып. 1 
300 |a Текст в русской дореформенной орфографии 
300 |a Печатано по распоряжению Имп. Спб. Общ. Естествоиспытателей 
317 |5 63413507: 221//1169  |a Поступил в НТБ в 1945 г. в составе книжного собрания профессора ТПИ А. В. Лаврского 
320 |a Библиография в ссылках 
606 1 |a Полевой шпат  |x Минералогия  |2 stltpush  |3 (RuTPU)RU\TPU\subj\72329  |9 85890 
606 1 |a Полевые шпаты  |x Месторождения  |2 stltpush  |3 (RuTPU)RU\TPU\subj\50058  |9 68815 
610 1 |a горные породы 
610 1 |a классификация 
610 1 |a габбро-сиенитовые комплексы 
610 1 |a глубинные породы 
610 1 |a гранитные породы 
610 1 |a ортоклазы 
610 1 |a Коллекция А. В. Лаврского 
675 |a 548.63  |v 4 
675 |a 553.613  |v 4 
700 1 |a Поленов  |b Б. К. 
712 0 2 |a Императорское Санкт-Петербургское общество естествоиспытателей (1868-)  |2 stltpush  |3 (RuTPU)RU\TPU\col\27630 
801 1 |a RU  |b 63413507  |c 20200811 
801 2 |a RU  |b 63413507  |c 20211122  |g RCR 
942 |c BK